000 00662cam a2200217 a 4500
001 000007806
005 20200929154314.0
008 930925s1990 sp 000 1 spa d
020 _a8420480762
040 _aDO-SdBNP
_cWU
_dWyU
_dDLC
082 _a863.64
_bE77f
100 1 _aEspinosa, Miguel,
_d1926-1982.
_921517
245 1 3 _aLa fea burguesía /
_cMiguel Espinosa.
260 _aMadrid :
_bAlfaguara,
_c1990.
300 _a291 p. ;
_c22 cm.
490 1 _aAlfaguara Hispánica ;
_vno. 76
650 4 _aNovela española
_91123
650 4 _aLiteratura española
_9632
830 0 _aAlfaguara Hispánica ;
_vno. 76
_94764
910 _aCatalogación por copia / LC
999 _c7584
_d7584